|
|
|
|
| LEADER |
00961nam a2200265 a 4500 |
| 001 |
15453066 |
| 008 |
120731s2008 bg b 001 0 eng |
| 010 |
|
|
|a 2008331941
|
| 020 |
|
|
|a 9847022000059
|
| 040 |
|
|
|a DLC
|c DLC
|d BD-DhAAL
|
| 042 |
|
|
|a lcode
|
| 043 |
|
|
|a a-bg---
|
| 050 |
0 |
0 |
|a JQ639.A15
|b R335 2008
|
| 082 |
0 |
0 |
|a 320.95492
|2 22
|
| 100 |
1 |
|
|a Rahman, Masihur,
|d 1942-
|
| 245 |
1 |
0 |
|a Democracy in crisis /
|c Masihur Rahman.
|
| 260 |
|
|
|a Dhaka :
|b University Press,
|c 2008.
|
| 300 |
|
|
|a xi, 254 p. ;
|c 22 cm.
|
| 504 |
|
|
|a Includes bibliographical references and index.
|
| 541 |
|
|
|e 00025693
|
| 650 |
|
0 |
|a Democracy
|z Bangladesh.
|
| 651 |
|
0 |
|a Bangladesh
|x Politics and government
|y 21st century.
|
| 852 |
1 |
|
|a Ayesha Abed Library
|c General Shelf.
|
| 999 |
|
|
|c 12684
|d 12684
|
| 952 |
|
|
|0 0
|1 0
|2 ddc
|4 0
|6 320_954920000000000_RAH
|7 0
|9 20909
|a IGS
|b IGS
|c GEN
|d 2012-08-05
|e The University Press
|g 500.00
|l 1
|m 2
|o 320.95492 RAH
|p 3010025693
|r 2014-06-10
|s 2013-02-18
|t 1
|w 2012-08-05
|y BK
|